Psychological attitude of early buddhist philosophy and its systematic representation according to abhidhamma tradition (Record no. 1339233)

MARC details
000 -LEADER
fixed length control field 00637nam a2200193Ia 4500
005 - DATE AND TIME OF LATEST TRANSACTION
control field 20250508152845.0
008 - FIXED-LENGTH DATA ELEMENTS--GENERAL INFORMATION
fixed length control field 008 250505s9999 xx 000 0 eng d
037 ## - SOURCE OF ACQUISITION
Stock number Textual
040 ## - CATALOGING SOURCE
Original cataloging agency FEDL
Language of cataloging eng
Transcribing agency FEDL
041 ## - LANGUAGE CODE
Language code of text/sound track or separate title eng
Source of code eng
084 ## - COLON CLASSIFICATION NUMBER
Classification number 181.4, GOV
Assigning agency FEDL
100 ## - MAIN ENTRY--PERSONAL NAME
Personal name Lama Anagarika Govinda
9 (RLIN) 762585
245 #0 - TITLE STATEMENT
Title Psychological attitude of early buddhist philosophy and its systematic representation according to abhidhamma tradition
260 ## - PUBLICATION, DISTRIBUTION, ETC.
Place of publication, distribution, etc. London, UK
Name of publisher, distributor, etc. Rider and Company
Date of publication, distribution, etc. 1961
300 ## - PHYSICAL DESCRIPTION
Extent 191p.
650 ## - SUBJECT ADDED ENTRY--TOPICAL TERM
Topical term or geographic name entry element Oriental Philosophy
9 (RLIN) 755543
942 ## - ADDED ENTRY ELEMENTS (KOHA)
Koha item type Textual
Classification part 181.4, GOV
Holdings
Withdrawn status Lost status Damaged status Not for loan Home library Current library Date acquired Total Checkouts Full call number Barcode Date last seen Price effective from Koha item type
        Department of Education Library Department of Education Library 2025-05-08   181.4, GOV EL0021631 2025-05-08 2025-05-08 Textual
Copyright @ Delhi University Library System